|
|
|
|
| LEADER |
01313nam a2200265 a 4500 |
| 001 |
15005036 |
| 008 |
090910s2003 bg ab b 000 0 eng d |
| 010 |
|
|
|a 2007340239
|
| 040 |
|
|
|a DLC
|c DLC
|
| 082 |
0 |
0 |
|a 363.72095492
|2 22
|
| 245 |
1 |
0 |
|a Sanitation strategies & technologies :
|b food-prone and high water table areas of Bangladesh /
|c principal investigator Noor M. Kazi ; reviewers, Md. Mujbur Rahman, M. Feroze Ahmed, Abu Jafar Shamsuddin.
|
| 246 |
1 |
8 |
|a Sanitation strategies and technologies
|
| 260 |
|
|
|a Dhaka :
|b ITN-Bangladesh, Centre for Water Supply and Waste Management, BUET,
|c 2003.
|
| 300 |
|
|
|a xiii, 82 p. :
|b ill., maps (some col.) ;
|c 26 cm.
|
| 490 |
0 |
|
|a ITN research series
|v 02
|
| 520 |
|
|
|a With reference to Dhaka, Patuakhali, and Sylhet districts of Bangladesh.
|
| 504 |
|
|
|a Includes bibliographical references (p. 81- 82).
|
| 541 |
1 |
|
|e 00010349
|
| 650 |
|
0 |
|a Sanitation
|x Social aspects
|z Bangladesh.
|
| 650 |
|
0 |
|a Toilets
|z Bangladesh.
|
| 700 |
1 |
|
|a Kazi, Noor M.
|
| 710 |
2 |
|
|a ITN-Bangladesh (Network)
|
| 852 |
4 |
|
|a Ayesha Abed Library
|j General shelf
|
| 999 |
|
|
|c 4160
|d 4160
|
| 952 |
|
|
|0 0
|1 0
|2 ddc
|4 0
|6 363_720954920000000_SAN_2003
|7 0
|9 3827
|a BRACUL
|b BRACUL
|c GEN
|d 2009-10-03
|g 0.00
|l 1
|o 363.72095492 SAN
|p 3010010349
|r 2015-07-07
|s 2015-07-01
|t 1
|w 2009-10-03
|y BK
|x No price found in the accession register.
|